Southville International School and Colleges
Your cart is empty.
  • Cart
  • Lists
    Public lists Eva Luna New books Lux_list list_1
    Your lists Log in to create your own lists
  • Log in to your account
  • Your cookies
  • Search history
Southville International School and Colleges
  • Advanced search
  • Recent comments
  • Most popular
  • Libraries

Log in to your account

Log in with GOOGLE


If you do not have an external account, but do have a local account, you can still log in:

  1. Home
  2. MARC view: Eeny, meeny, miney mole /
Normal view MARC view ISBD view

Eeny, meeny, miney mole / (Record no. 103208)

[ view plain ]
MARC details
000 -LEADER
fixed length control field 00626nam a2200169 a 4500
005 - DATE AND TIME OF LATEST TRANSACTION
control field 20140412111254.0
008 - FIXED-LENGTH DATA ELEMENTS--GENERAL INFORMATION
fixed length control field 000823s19uu xx 00 eng d
020 ## - INTERNATIONAL STANDARD BOOK NUMBER
International Standard Book Number 0-15-201007-6
050 ## - LIBRARY OF CONGRESS CALL NUMBER
Classification number TR(PS E
Item number Ee6 1992
100 ## - MAIN ENTRY--PERSONAL NAME
Personal name Yolen, Jane
245 ## - TITLE STATEMENT
Title Eeny, meeny, miney mole /
Statement of responsibility, etc Jane Yolen ; illustrated by Kathryn Brown.
260 ## - PUBLICATION, DISTRIBUTION, ETC. (IMPRINT)
Place of publication, distribution, etc New York :
Name of publisher, distributor, etc Voyager Books/Harcourt Brace & Company,
Date of publication, distribution, etc 1992.
300 ## - PHYSICAL DESCRIPTION
Extent 1 v. (unp.) ; ill.
520 ## - SUMMARY, ETC.
Summary, etc Three moles live underground, and then one of them finally ventures upward to find out what the world is like "Up Above".
650 ## - SUBJECT ADDED ENTRY--TOPICAL TERM
Topical term or geographic name as entry element Mole (Animals)-Fiction
Holdings
Withdrawn status Lost status Damaged status Use restrictions Home library Current library Shelving location Date acquired Source of acquisition Cost, normal purchase price Total Checkouts Full call number Barcode Date last seen Price effective from Koha item type
        Elizalde Library Elizalde Library Teachers Reference Section 08/23/2000   172.00   TR(PS E Ee6 1992 E4005 04/12/2014 04/12/2014 Books

Eeny, meeny, miney mole /

APA

Yolen J., . (1992). Eeny, meeny, miney mole. New York: Voyager Books/Harcourt Brace & Company.

Chicago

Yolen Jane, . 1992. Eeny, meeny, miney mole. New York: Voyager Books/Harcourt Brace & Company.

Harvard

Yolen J., . (1992). Eeny, meeny, miney mole. New York: Voyager Books/Harcourt Brace & Company.

MLA

Yolen Jane, . Eeny, meeny, miney mole. New York: Voyager Books/Harcourt Brace & Company. 1992.

  • Place hold
  • Print
  • Cite
  • Add to your cart (remove)
  • Save record
    BIBTEX Dublin Core MARCXML MARC (non-Unicode/MARC-8) MARC (Unicode/UTF-8) MARC (Unicode/UTF-8, Standard) MODS (XML) RIS
  • More searches
    Search for this title in:
    Other Libraries (WorldCat) Other Databases (Google Scholar) Online Stores (Bookfinder.com) Open Library (openlibrary.org)

Exporting to Dublin Core...

SOUTHVILLE LIBRARY

Southville International School and Colleges Library

1281 Tropical Ave. Cor. Luxembourg St., BF Homes International, Las Pinas City

Tel. No. 8256374 / 252358 Loc. 117/146

Powered by Koha